| 000 | 01414nam a22003734a 4500 | ||
|---|---|---|---|
| 001 | ebr10373071 | ||
| 003 | CaPaEBR | ||
| 006 | m u | ||
| 007 | cr cn||||||||| | ||
| 008 | 041001s2005 miu sb s001 0 eng | ||
| 010 | _z 2004059878 | ||
| 020 | _z0472098764 (cloth : alk. paper) | ||
| 020 | _z0472068768 ( pbk. : alk. paper) | ||
| 040 |
_aCaPaEBR _cCaPaEBR |
||
| 035 | _a(OCoLC)615639790 | ||
| 050 | 1 | 4 |
_aHV1568 _b.F68 2005eb |
| 082 | 0 | 4 |
_a362.4/092 _222 |
| 245 | 0 | 0 |
_aFoucault and the government of disability _h[electronic resource] / _cedited by Shelley Tremain. |
| 260 |
_aAnn Arbor : _bUniversity of Michigan Press, _c2005. |
||
| 300 | _axvii, 340 p. | ||
| 490 | 1 | _aCorporealities | |
| 504 | _aIncludes bibliographical references and index. | ||
| 533 |
_aElectronic reproduction. _bPalo Alto, Calif. : _cebrary, _d2013. _nAvailable via World Wide Web. _nAccess may be limited to ebrary affiliated libraries. |
||
| 600 | 1 | 0 |
_aFoucault, Michel, _d1926-1984. |
| 650 | 0 | _aSociology of disability. | |
| 650 | 0 |
_aDisabilities _xPhilosophy. |
|
| 650 | 0 | _aPeople with disabilities. | |
| 650 | 0 | _aDisability studies. | |
| 655 | 7 |
_aElectronic books. _2local |
|
| 700 | 1 | _aTremain, Shelley. | |
| 710 | 2 | _aebrary, Inc. | |
| 830 | 0 | _aCorporealities. | |
| 856 | 4 | 0 |
_uhttp://site.ebrary.com/lib/rucke/Doc?id=10373071 _zAn electronic book accessible through the World Wide Web; click to view |
| 999 |
_c195187 _d195187 |
||